书目信息 |
| 题名: |
今晚好眠
|
|
| 作者: | 西野精治 著 ;叶玲琪 译 | |
| 分册: | ||
| 出版信息: | 杭州 浙江科学技术出版社 2024.05 |
|
| 页数: | 119页 | |
| 开本: | 21cm | |
| 丛书名: | 图解健康 | |
| 单 册: | ||
| 中图分类: | R338.63 | |
| 科图分类: | ||
| 主题词: | 睡眠--shui mian--普及读物 | |
| 电子资源: | ||
| ISBN: | 978-7-5739-0935-0 | |
| 000 | 01362nam 2200325 450 | |
| 001 | 94505 | |
| 005 | 20250820163438.78 | |
| 010 | @a978-7-5739-0935-0@dCNY39.80 | |
| 099 | @aCAL 012024055484 | |
| 100 | @a20240603d2024 em y0chiy50 ea | |
| 101 | 1 | @achi@cjpn |
| 102 | @aCN@b330000 | |
| 105 | @aa a 000yy | |
| 106 | @ar | |
| 200 | 1 | @a今晚好眠@Ajin wan hao mian@e你应该知道的睡眠常识@f(日) 西野精治著@g叶玲琪译 |
| 210 | @a杭州@c浙江科学技术出版社@d2024.05 | |
| 215 | @a119页@c图@d21cm | |
| 225 | 2 | @a图解健康@Atu jie jian kang |
| 300 | @a后浪 | |
| 314 | @a西野精治, 美国斯坦福大学医学院精神科教授、斯坦福大学睡眠生物规律研究所 (SCN实验室) 所长、医学博士、日本睡眠学会医生。主要著作有《斯坦福高效睡眠法》《斯坦福熟睡习惯》等。叶玲琪, 日语译者, 浙江大学在读医学博士研究生, 研究领域为癫痫与睡眠医学、认知障碍类疾病, 对与神经科学交叉的各个领域都有着浓厚的兴趣。 | |
| 320 | @a有书目 (第118-119页) | |
| 330 | @a本书共分四章, 剖析了睡眠规律, 分析“黄金90分钟”的实用情景, 从入睡技巧到清醒妙招, 提升你的睡眠质量。 | |
| 410 | 0 | @12001 @a图解健康 |
| 517 | 1 | @a你应该知道的睡眠常识@Ani ying gai zhi dao de shui mian chang shi |
| 606 | 0 | @a睡眠@Ashui mian@j普及读物 |
| 690 | @aR338.63@v5 | |
| 701 | 0 | @a西野精治@Axi ye jing zhi@4著 |
| 702 | 0 | @a叶玲琪@Aye ling qi@4译 |
| 801 | 0 | @aCN@c20250909 |
| 905 | @a河南城建学院图书馆@dR338.63@eX099@f3 | |
| 今晚好眠:你应该知道的睡眠常识/(日) 西野精治著/叶玲琪译.-杭州:浙江科学技术出版社,2024.05 |
| 119页:图;21cm.-(图解健康) |
| 后浪 |
| ISBN 978-7-5739-0935-0:CNY39.80 |
| 本书共分四章, 剖析了睡眠规律, 分析“黄金90分钟”的实用情景, 从入睡技巧到清醒妙招, 提升你的睡眠质量。 |
| ● |
| 相关链接 |
|
|
|
正题名:今晚好眠
索取号:R338.63/X099
 
预约/预借
| 序号 | 登录号 | 条形码 | 馆藏地/架位号 | 状态 | 备注 |
| 1 | 1628691 | 216286917 | 自科库401/401自科库 14排3列4层/ [索取号:R338.63/X099] | 在馆 | |
| 2 | 1628692 | 216286926 | 自科库401/401自科库 14排3列4层/ [索取号:R338.63/X099] | 在馆 | |
| 3 | 1628693 | 216286935 | 自科库401/401自科库 14排3列4层/ [索取号:R338.63/X099] | 在馆 |